タイトルに「・」が使われている広義オリジナルVOCALOID楽曲(ニコニコ動画における再生数トップ100) - Statistics

General Stats
  • This quiz has been taken 35 times
  • The average score is 16 of 100
Answer Stats
順位 Answer 投稿年 % Correct
1 ワールズエンド・ダンスホール 2010
86%
2 アンノウン・マザーグース 2017
82%
4 チュルリラ・チュルリラ・ダッダッダ! 2016
64%
3 マーシャル・マキシマイザー 2021
57%
9 キライ・キライ・ジガヒダイ! 2016
50%
20 トラッシュ・アンド・トラッシュ! 2017
39%
5 グリーンライツ・セレナーデ 2018
36%
7 ノンブレス・オブリージュ 2021
36%
12 チェチェ・チェック・ワンツー! 2016
36%
14 トラフィック・ジャム 2019
36%
15 ビースト・ダンス 2017
36%
8 ヤンキーボーイ・ヤンキーガール 2013
32%
10 えれくとりっく・えんじぇぅ 2007
32%
13 ミルククラウン・オン・ソーネチカ 2014
32%
35 ショウタイム・ルーラー 2021
32%
45 ブレス・ユア・ブレス 2019
32%
24 フューチャー・イヴ 2022
29%
31 トキヲ・ファンカ 2013
29%
57 ショットガン・ナウル 2021
29%
6 リバーシブル・キャンペーン 2016
25%
23 ショットガン・ラヴァーズ 2010
25%
28 ドリームレス・ドリームス 2017
25%
32 ポジティブ・パレード 2020
25%
42 ナーヴ・インパルス 2017
25%
17 ゴー・トゥ・大都会 2019
21%
25 ハイドアンド・シーク 2014
21%
59 サッドガール・セックス 2024
21%
73 プラトニック・ラヴ 2015
21%
11 ジャバヲッキー・ジャバヲッカ 2011
18%
16 クレイジー・ビート 2018
18%
18 アブストラクト・ナンセンス 2011
18%
22 レッド・パージ!!! 2014
18%
30 エル・タンゴ・エゴイスタ 2017
18%
33 ラブレター・フロム・メランコリー 2015
18%
40 蜜月アン・ドゥ・トロワ 2013
18%
58 チット・チャット・マーチ! 2017
18%
77 スケープゴート・アンプリファー 2012
18%
84 レゾンデイトル・カレイドスコウプ 2021
18%
19 クーネル・エンゲイザー 2019
14%
21 レコード・レド 2012
14%
29 月・影・舞・華 2011
14%
51 バッド・ダンス・ホール 2016
14%
97 トゥー・ユー・グリーンライツ 2023
14%
26 トゥイー・ボックスの人形劇場 2013
11%
27 ミスリード・ミスリード 2018
11%
34 ディストピア・ジパング 2011
11%
36 ラブアトミック・トランスファー 2009
11%
39 アンクローズ・ヒューマン 2019
11%
43 ワンルーム・オール・ザット・ジャズ 2012
11%
49 トーデス・トリープ 2017
11%
50 アブノーマリティ・ダンシンガール 2021
11%
68 シックス・フィート・アンダー 2020
11%
69 アンプランド・アポトーシス 2021
11%
85 ワールド・ランプシェード 2013
11%
88 キャプテン・クックと水葬 2015
11%
67 ぼくらの16bitエンズ・トリガー 2016
11%
37 ワールド・コーリング 2012
7%
38 ハートブレイク・ヘッドライン 2012
7%
44 トウキョウト・ロック・シティ 2009
7%
46 ココロ・キセキ 2008
7%
47 ハートビート・クロックタワー 2010
7%
52 デンドロビウム・ファレノプシス 2010
7%
53 エレクトリック・ラブ 2009
7%
60 ローファイ・タイムズ 2017
7%
71 ウェルカム・トゥ・ザ・大三元ランド 2018
7%
72 まさに・・・まさに・・・女神サマ!! 2014
7%
80 ラボ・ラトリ 2022
7%
87 テイクアウト・スーサイド 2016
7%
92 ポジティヴ・ハラスメント!!! 2018
7%
95 ファブリック・フラワー 2021
7%
96 キ・セ・キ 2009
7%
99 シンクロサイクロトロン・スピリチュアライザー。 2014
7%
100 リトルビット・オトナヒット 2016
7%
41 恐山ル・ヴォワール 2010
4%
48 サヨナラ・グッバイ 2009
4%
54 サディスティック・ラブ 2011
4%
56 ワンダホー・ニッポン! 2013
4%
61 チョコレート・トレイン 2008
4%
64 ルサンチマン・クラブ 2017
4%
70 ずっと、ずっと・・・ 2008
4%
74 グッナイ・トゥナイ 2014
4%
75 スリープ・スカイ・ウォーク 2011
4%
76 クレイヂィ・クラウン 2008
4%
78 ガラクタ・パレード 2011
4%
82 システマティック・ラヴ 2012
4%
86 エレクトロニック・ジェノサイド 2010
4%
98 キップル・インダストリー 2011
4%
55 マダム・メリーゴーランド 2010
0%
62 アイ・スパイ 2022
0%
63 クロノ・ストーリー 2011
0%
65 バンブーソード・ガール 2014
0%
66 ペンシル・デイズ 2013
0%
79 シンデレラ・ロマンス 2008
0%
81 トロピカル・サマー 2011
0%
83 バーニング・ハート 2009
0%
89 インターネッツ・ディスコ 2017
0%
90 メコノプシス・ベトニキフォリア 2008
0%
93 真・既成事実 2008
0%
94 S・K・Y 2010
0%
91 FREYJA.sys~システム・フレイヤ~ 2011
0%
No matching quizzes found
Score Distribution
Percent of People with Each Score
Percentile by Number Answered
Your Score History
You have not taken this quiz